000 00334nam a2200157Ia 4500
100 _aWood/Robert/ Tolley/Harry
650 _aGeneral
942 _cBK
654 _aintelligence
245 _aTest your imotional Intelligence
260 _be
_c2003
082 _a658.314
_bWOO
300 _a153
546 _aENGLISH
999 _c21689
_d21689